[Event "Washington Open"]
[Site "Chess.com"]
[Date "2020.05.24"]
[Round "?"]
[White "Tien, Sophie"]
[Black "Jammalamadaka, Varnika"]
[Result "1-0"]
[WhiteElo "1916"]
[BlackElo "1537"]
[PlyCount "77"]
[EventDate "2020.??.??"]

1. e4 c5 2. Nf3 Nc6 3. Bb5 e6 4. O-O Nf6 5. Re1 Be7 6. c3 d5 7. e5 Nd7 8. d4 a6
9. Bd3 b5 10. Bc2 c4 11. Nbd2 O-O 12. Nf1 Re8 13. h4 Bxh4 14. Nxh4 Qxh4 15. Re3
f5 16. exf6 Qxf6 17. Bxh7+ Kxh7 18. Qh5+ Kg8 19. Qxe8+ Nf8 20. Qxc6 Rb8 21. Qd6
Rb7 22. Rf3 Rd7 23. Qg3 Qe7 24. Bg5 Qe8 25. Nh2 Rf7 26. Rxf7 Qxf7 27. Ng4 Qg6
28. Be7 Bd7 29. Bxf8 Kxf8 30. Ne5 Qe8 31. Nxd7+ Qxd7 32. Re1 Kf7 33. f4 Qd6 34.
Qg5 g6 35. Qe5 Qe7 36. Qh8 Qd6 37. Re5 Qf8 38. Qxf8+ Kxf8 39. Rxe6 1-0

[Event "Washington Open"]
[Site "Chess.com"]
[Date "2020.05.24"]
[Round "?"]
[White "Jammalamadaka, Varnika"]
[Black "McNall, Kent"]
[Result "0-1"]
[WhiteElo "1537"]
[BlackElo "1867"]
[PlyCount "108"]
[EventDate "2020.??.??"]

1. d4 Nf6 2. c4 g6 3. Nc3 Bg7 4. e4 d6 5. Nf3 O-O 6. Be2 c5 7. d5 Na6 8. O-O
Nc7 9. h3 Rb8 10. Bf4 Nh5 11. Bh2 Bxc3 12. bxc3 b5 13. cxb5 Nxb5 14. c4 Nc3 15.
Qc2 Nxe2+ 16. Qxe2 Ba6 17. e5 Ng7 18. Rab1 Qd7 19. Ng5 Rxb1 20. Rxb1 dxe5 21.
Ne4 Qxd5 22. cxd5 Bxe2 23. Nxc5 Bc4 24. Nd7 Rd8 25. Nxe5 Bxd5 26. Rd1 Ne6 27.
a3 f6 28. Ng4 Bb3 29. Rxd8+ Nxd8 30. Bf4 Nc6 31. Nh2 Kf7 32. Nf3 Ke6 33. Be3
Kd5 34. Kf1 a5 35. Ke2 e5 36. Nd2 Bc4+ 37. Kd1 f5 38. Nxc4 Kxc4 39. Kc2 Nd4+
40. Kb2 f4 41. Bd2 Nb3 42. Bc3 e4 43. Be5 g5 44. Bf6 h6 45. Bg7 e3 46. fxe3
fxe3 47. Bc3 a4 48. Kc2 Nd4+ 49. Kb2 Kd3 50. Bxd4 Kxd4 51. Kc2 h5 52. g3 Ke4
53. Kd1 Kf3 54. h4 g4 0-1

[Event "Washington Open"]
[Site "Chess.com"]
[Date "2020.05.25"]
[Round "?"]
[White "Bailey, Daniel"]
[Black "Jammalamadaka, Varnika"]
[Result "1/2-1/2"]
[WhiteElo "1729"]
[BlackElo "1537"]
[PlyCount "79"]
[EventDate "2020.??.??"]

1. d4 d5 2. c4 c6 3. Nc3 dxc4 4. Nf3 b5 5. e3 Nf6 6. b3 cxb3 7. Qxb3 e6 8. Ne5
Be7 9. Be2 O-O 10. Bf3 Nd5 11. e4 Nxc3 12. Qxc3 b4 13. Qe3 Ba6 14. Be2 Bxe2 15.
Kxe2 Bf6 16. Rd1 c5 17. Bb2 Qc7 18. Ng4 Be7 19. dxc5 Qxc5 20. Qg3 Qc2+ 21. Rd2
Qxe4+ 22. Kf1 Qg6 23. Qc7 Qxg4 24. Qxe7 Nc6 25. Qc5 Rac8 26. Rc1 Ne7 27. Qxe7
Rxc1+ 28. Bxc1 Qc4+ 29. Ke1 Qxc1+ 30. Rd1 Qc3+ 31. Kf1 a5 32. Rd8 Qa1+ 33. Ke2
Qxa2+ 34. Ke1 Qb1+ 35. Ke2 Qc2+ 36. Ke1 Qc3+ 37. Ke2 Qe5+ 38. Kf1 Qa1+ 39. Ke2
Qe5+ 40. Kf1 1/2-1/2

[Event "Washington Open"]
[Site "Chess.com"]
[Date "2020.05.25"]
[Round "?"]
[White "Jammalamadaka, Varnika"]
[Black "Heath, Derek"]
[Result "1-0"]
[WhiteElo "1537"]
[BlackElo "1677"]
[PlyCount "91"]
[EventDate "2020.??.??"]

1. d4 d5 2. c4 e5 3. dxe5 d4 4. Nf3 Nc6 5. Bg5 Nge7 6. Nbd2 h6 7. Bf4 Be6 8.
Nb3 Ng6 9. e3 Bb4+ 10. Nbd2 dxe3 11. Bxe3 Ngxe5 12. Nxe5 Bxd2+ 13. Bxd2 Nxe5
14. Qc2 Qe7 15. O-O-O O-O-O 16. Be2 Rd4 17. Bc3 Rxd1+ 18. Rxd1 Nxc4 19. Bxc4
Bxc4 20. Bxg7 Qg5+ 21. Qd2 Rd8 22. Qxg5 Rxd1+ 23. Kxd1 hxg5 24. b3 Bd5 25. f3
Kd7 26. Bf6 g4 27. Ke2 gxf3+ 28. gxf3 Ke6 29. Bd4 a5 30. Kf2 a4 31. bxa4 Bxa2
32. a5 Kd5 33. Bg7 c5 34. h4 Bb1 35. Kg3 Kc4 36. f4 Kb3 37. Kg4 Bh7 38. Kg5 c4
39. Kh6 Bg8 40. Bf6 c3 41. Bxc3 Kxc3 42. Kg7 Kb4 43. Kxg8 Kxa5 44. h5 b5 45. h6
b4 46. h7 1-0

[Event "Washington Open"]
[Site "Chess.com"]
[Date "2020.05.23"]
[Round "?"]
[White "Tien, Sophie"]
[Black "Devadithya, Lavindu"]
[Result "1-0"]
[WhiteElo "1916"]
[BlackElo "1535"]
[PlyCount "133"]
[EventDate "2020.??.??"]

1. e4 c5 2. Nf3 d6 3. Bb5+ Bd7 4. Bxd7+ Nxd7 5. O-O Ngf6 6. Re1 e6 7. c3 Be7 8.
d4 O-O 9. e5 Nd5 10. c4 N5b6 11. exd6 Bxd6 12. b3 Be7 13. Bb2 Bf6 14. Nbd2 cxd4
15. Bxd4 Qe7 16. Qe2 Rfd8 17. Rad1 Bxd4 18. Nxd4 Nf6 19. N2f3 Nbd7 20. Nf5 Qf8
21. Nd6 Nc5 22. Qe5 Ne8 23. Nxe8 Rxe8 24. b4 Na6 25. a3 Qe7 26. Rd4 Red8 27.
Rg4 f6 28. Qxe6+ Qxe6 29. Rxe6 Rd1+ 30. Ne1 Rad8 31. Kf1 Kf7 32. Re2 f5 33. Rf4
Kf6 34. g4 g6 35. Kg2 Ra1 36. gxf5 gxf5 37. Nc2 Ra2 38. Rxf5+ Kxf5 39. Ne3+ Ke4
40. Rxa2 Kd3 41. Rc2 Re8 42. Ra2 Rxe3 43. fxe3 Kxc4 44. Rc2+ Kb3 45. Rc8 Kxa3
46. b5 Nb4 47. Rc7 a5 48. bxa6 bxa6 49. Rxh7 a5 50. h4 a4 51. Rb7 Kb3 52. h5 a3
53. h6 Kc4 54. h7 a2 55. h8=Q Nc2 56. Rc7+ Kd3 57. Rxc2 Kxc2 58. Qa1 Kd2 59. e4
Ke3 60. e5 Kd3 61. Qxa2 Kd4 62. e6 Kd3 63. e7 Kc3 64. e8=R Kd3 65. Qd5+ Kc3 66.
Rc8+ Kb4 67. Qb7+ 1-0

[Event "Washington Open"]
[Site "Chess.com"]
[Date "2020.05.23"]
[Round "?"]
[White "Devadithya, Lavindu"]
[Black "Li, Albert"]
[Result "0-1"]
[WhiteElo "1535"]
[BlackElo "1766"]
[PlyCount "70"]
[EventDate "2020.??.??"]

1. d4 d5 2. c4 e6 3. Nc3 Nf6 4. Bg5 Nbd7 5. e3 Be7 6. Nf3 c6 7. cxd5 exd5 8.
Bd3 O-O 9. O-O Re8 10. a3 h6 11. Bxf6 Bxf6 12. b4 a6 13. a4 Nb6 14. b5 Be6 15.
bxc6 bxc6 16. Nd2 c5 17. a5 cxd4 18. axb6 dxc3 19. b7 Rb8 20. Nf3 c2 21. Qxc2
Bxa1 22. Rxa1 Rxb7 23. Rxa6 Qc8 24. Rc6 Qa8 25. h3 Reb8 26. Ra6 Ra7 27. Rxa7
Qxa7 28. Ne5 Qa1+ 29. Kh2 Qxe5+ 30. g3 Rb2 31. Qa4 Rxf2+ 32. Kh1 g6 33. Qe8+
Kh7 34. Bxg6+ fxg6 35. Qe7+ Qg7 0-1

[Event "Washington Open"]
[Site "Chess.com"]
[Date "2020.05.24"]
[Round "?"]
[White "Devadithya, Lavindu"]
[Black "Patick, Sterling"]
[Result "1/2-1/2"]
[WhiteElo "1535"]
[BlackElo "1663"]
[PlyCount "147"]
[EventDate "2020.??.??"]

1. d4 d5 2. c4 e6 3. Nc3 Nf6 4. cxd5 exd5 5. Bg5 Be7 6. e3 O-O 7. Bd3 h6 8. Bh4
Re8 9. Nge2 c5 10. dxc5 Nc6 11. a3 Bg4 12. f3 Bc8 13. b4 a5 14. Rb1 axb4 15.
axb4 Kh8 16. O-O d4 17. exd4 Nxd4 18. Bf2 Nc6 19. Bb5 Qc7 20. Bg3 Qd8 21. Bxc6
bxc6 22. Qxd8 Rxd8 23. Rfd1 Re8 24. Bd6 Bb7 25. Bxe7 Rxe7 26. Ra1 Rae8 27. Kf2
Nd5 28. Rab1 Ba6 29. Re1 Bd3 30. Rbc1 Nxb4 31. Nd4 Bg6 32. Rxe7 Rxe7 33. Ra1
Nd3+ 34. Kg3 Nxc5 35. Nxc6 Rc7 36. Ne5 Bf5 37. Ra8+ Kh7 38. Nd5 Rb7 39. Rf8 Be6
40. Nf4 Bb3 41. Rc8 Ne6 42. Nfd3 f6 43. Ng4 Rb5 44. Rc6 Nd4 45. Rc7 Ne6 46. Rd7
Kg6 47. Nf4+ Nxf4 48. Kxf4 Rb4+ 49. Kg3 Be6 50. Rc7 h5 51. Ne3 Rb3 52. Kf2 Rd3
53. Rc2 f5 54. f4 Kf6 55. Re2 Rd4 56. g3 h4 57. Rb2 g6 58. Re2 Bd7 59. Rb2 Be6
60. Re2 hxg3+ 61. hxg3 g5 62. fxg5+ Kxg5 63. Nc2 Rd6 64. Ne3 Rd3 65. Rb2 Bd7
66. Rc2 Ba4 67. Rb2 Bc6 68. Rc2 Be4 69. Re2 Rb3 70. Rd2 Rb1 71. Nf1 Kg4 72.
Ne3+ Kh3 73. Nf1 Ra1 74. Rb2 1/2-1/2

[Event "Washington Open"]
[Site "Chess.com"]
[Date "2020.05.24"]
[Round "?"]
[White "Tembhare, Santoshkumar"]
[Black "Devadithya, Lavindu"]
[Result "0-1"]
[WhiteElo "1684"]
[BlackElo "1535"]
[PlyCount "28"]
[EventDate "2020.??.??"]

1. e4 c5 2. Nf3 d6 3. Bc4 e6 4. a3 Nf6 5. d3 Be7 6. Nc3 O-O 7. h3 d5 8. exd5
exd5 9. Bb3 d4 10. Ne2 b6 11. O-O Bb7 12. Ng3 h6 13. Bf4 Nd5 14. Bd2 Nd7 0-1

[Event "Washington Open"]
[Site "Chess.com"]
[Date "2020.05.25"]
[Round "?"]
[White "Devadithya, Lavindu"]
[Black "Ackerman, Ryan"]
[Result "1/2-1/2"]
[WhiteElo "1535"]
[BlackElo "1922"]
[PlyCount "188"]
[EventDate "2020.??.??"]

1. d4 d5 2. c4 c6 3. e3 Nf6 4. Nf3 Bg4 5. Qb3 Qc7 6. Ne5 Bh5 7. cxd5 cxd5 8.
Nc3 e6 9. Bb5+ Nc6 10. Bd2 Bd6 11. f4 O-O 12. Rc1 a6 13. Bxc6 bxc6 14. Qc2 c5
15. Na4 c4 16. Nc5 Bxc5 17. dxc5 Bg6 18. Nxg6 fxg6 19. b4 g5 20. O-O Ne4 21. g3
gxf4 22. gxf4 a5 23. a3 axb4 24. axb4 Ra3 25. Ra1 Rfa8 26. Rxa3 Rxa3 27. Qb2
Qa7 28. c6 Ra2 29. Qe5 Nxd2 30. Qxe6+ Kf8 31. Qc8+ Ke7 32. Qb7+ Kd6 33. Qxa7
Rxa7 34. b5 Nxf1 35. b6 Ra8 36. c7 Kc6 37. Kxf1 Kxb6 38. Ke2 Kxc7 39. Kd2 Ra3
40. h4 Rd3+ 41. Ke2 Kc6 42. f5 Kc5 43. f6 gxf6 44. e4 dxe4 45. h5 c3 46. h6 c2
47. Kf2 c1=N 48. Ke1 Kd4 49. Kf2 e3+ 50. Kg3 e2+ 51. Kh2 e1=N 52. Kg1 Rf3 53.
Kh2 Ne2 54. Kh1 Rg3 55. Kh2 Rg6 56. Kh3 f5 57. Kh4 f4 58. Kh5 f3 59. Kh4 f2 60.
Kh5 f1=N 61. Kh4 Ke3 62. Kh3 Rxh6+ 63. Kg4 Ke4 64. Kg5 Rg6+ 65. Kh4 Nc1 66. Kh5
Rg3 67. Kh4 Nf3+ 68. Kh5 Rh3+ 69. Kg4 Rg3+ 70. Kh5 Rg7 71. Kh6 Ra7 72. Kh5 Nb3
73. Kh6 Nc5 74. Kh5 Na6 75. Kh6 Nb8 76. Kh5 Nc6 77. Kh6 Nfe5 78. Kg5 Ng3 79.
Kh4 Kf3 80. Kh3 h5 81. Kh4 Ng6+ 82. Kg5 Nce5 83. Kf6 h4 84. Kg5 h3 85. Kf6 h2
86. Kg5 h1=N 87. Kh6 Ra1 88. Kg5 Nf2 89. Kf6 Kf4 90. Kg7 Kg5 91. Kh7 Kf6 92.
Kg8 Nfg4 93. Kh7 Ne4 94. Kg8 Ng5 1/2-1/2

[Event "Washington Open"]
[Site "Chess.com"]
[Date "2020.05.25"]
[Round "?"]
[White "Qian, Daniel"]
[Black "Devadithya, Lavindu"]
[Result "1-0"]
[WhiteElo "1886"]
[BlackElo "1535"]
[PlyCount "125"]
[EventDate "2020.??.??"]

1. c4 c6 2. d4 d5 3. e3 Nf6 4. Nf3 e6 5. Nbd2 Nbd7 6. Bd3 Be7 7. O-O O-O 8. e4
dxe4 9. Nxe4 b6 10. Bf4 c5 11. Bc2 cxd4 12. Qxd4 Bb7 13. Rad1 Nc5 14. Nxc5 Qxd4
15. Nxd4 Bxc5 16. Nb3 Be7 17. f3 Rac8 18. Bd3 Rfd8 19. Be2 Nh5 20. Be3 Nf6 21.
Rxd8+ Rxd8 22. Rd1 Rxd1+ 23. Bxd1 Nd7 24. a3 Bf6 25. Bd4 Kf8 26. Bxf6 gxf6 27.
Kf2 e5 28. Nd2 Ke7 29. b4 h6 30. Bc2 Ke6 31. Be4 Bxe4 32. Nxe4 f5 33. Nc3 a6
34. Ke3 f4+ 35. Kd3 f5 36. Ne2 Nf6 37. Nc3 Nd7 38. Ne2 Nf6 39. Nc1 Kd6 40. Nb3
e4+ 41. Kd4 e3 42. Nc1 b5 43. c5+ Kc6 44. Ne2 Nd5 45. Ke5 a5 46. Nd4+ Kb7 47.
Kxd5 axb4 48. axb4 h5 49. Ne2 h4 50. Nxf4 e2 51. Nxe2 f4 52. Nxf4 h3 53. Nxh3
Ka6 54. f4 Kb7 55. f5 Kc7 56. f6 Kd7 57. Ng5 Ke8 58. Ke6 Kd8 59. Nf7+ Kc7 60.
Ne5 Kb7 61. f7 Ka7 62. f8=Q Ka6 63. Qa8# 1-0

[Event "Washington Open"]
[Site "Chess.com"]
[Date "2020.05.23"]
[Round "?"]
[White "Szeto, Sophie"]
[Black "Kedjejian, Nareg"]
[Result "0-1"]
[WhiteElo "1496"]
[BlackElo "1915"]
[PlyCount "130"]
[EventDate "2020.??.??"]

1. e4 c6 2. d4 d5 3. exd5 cxd5 4. Nf3 Nc6 5. Bf4 Bg4 6. Be2 e6 7. O-O Nf6 8.
Nbd2 Bd6 9. Bxd6 Qxd6 10. c3 O-O 11. h3 Bf5 12. Nh4 Bg6 13. Nxg6 hxg6 14. Nf3
Rab8 15. Qb3 b5 16. a3 Rfd8 17. Qc2 a5 18. Rac1 Rdc8 19. Qd3 b4 20. axb4 axb4
21. Nd2 bxc3 22. Qxc3 Ne7 23. Qa3 Qxa3 24. bxa3 Rxc1 25. Rxc1 Rb2 26. Rd1 Ra2
27. Kf1 Rxa3 28. Nf3 Ne4 29. Rc1 f6 30. Bb5 Ra2 31. Be2 Nd2+ 32. Ke1 Nxf3+ 33.
Bxf3 Ra4 34. Rd1 Nf5 35. Be2 Nxd4 36. Bd3 Kf7 37. Rb1 Ra7 38. Rb4 e5 39. f4 Ne6
40. fxe5 fxe5 41. Rb6 e4 42. Be2 Ra1+ 43. Kf2 Ra2 44. Rb7+ Kf6 45. Rb6 Ke5 46.
Kf1 Nf4 47. Bg4 e3 48. Rb1 Nxg2 49. Be2 Nf4 50. Bg4 d4 51. Rb5+ Ke4 52. Rb1 Rc2
53. Ke1 Nd3+ 54. Kf1 Rc1+ 55. Rxc1 Nxc1 56. Ke1 d3 57. Kd1 Nb3 58. Be6 Nd4 59.
Bc4 e2+ 60. Kd2 Nf3+ 61. Kc3 e1=Q+ 62. Kb2 d2 63. Ka2 d1=Q 64. Ka3 Qc3+ 65. Ka2
Qda1# 0-1

[Event "Washington Open"]
[Site "Chess.com"]
[Date "2020.05.23"]
[Round "?"]
[White "Bailey, Daniel"]
[Black "Szeto, Sophie"]
[Result "0-1"]
[WhiteElo "1729"]
[BlackElo "1496"]
[PlyCount "56"]
[EventDate "2020.??.??"]

1. d4 d5 2. c4 e6 3. Nc3 Nf6 4. cxd5 exd5 5. Bg5 Be7 6. e3 h6 7. Bh4 O-O 8. Bd3
Nbd7 9. Nge2 b6 10. O-O Bb7 11. Rc1 c5 12. f3 Rc8 13. Bf2 Re8 14. Nf4 Bd6 15.
Nb5 Bb8 16. Re1 a6 17. Nc3 cxd4 18. Nce2 dxe3 19. Bg3 Rxc1 20. Qxc1 Nc5 21. Rd1
g5 22. Nh3 Bxg3 23. Nxg3 Nxd3 24. Rxd3 d4 25. Nf5 Qd5 26. Nxh6+ Kg7 27. Rxd4
Qe5 28. Qxe3 Qxe3+ 0-1

[Event "Washington Open"]
[Site "Chess.com"]
[Date "2020.05.24"]
[Round "?"]
[White "Min, Ryan"]
[Black "Szeto, Sophie"]
[Result "1/2-1/2"]
[WhiteElo "1915"]
[BlackElo "1496"]
[PlyCount "103"]
[EventDate "2020.??.??"]

1. d4 d5 2. c4 e6 3. Nc3 Nf6 4. cxd5 exd5 5. Bg5 Be7 6. e3 h6 7. Bh4 O-O 8. Bd3
Nbd7 9. Nge2 b6 10. Qc2 Bb7 11. O-O c5 12. Rad1 Rc8 13. Qb1 Ne4 14. Bg3 Nxg3
15. Nxg3 Nf6 16. Nf5 cxd4 17. Nxe7+ Qxe7 18. exd4 Qb4 19. a3 Qd6 20. Nb5 Qb8
21. Rfe1 a6 22. Nc3 Rfe8 23. Bf5 Rcd8 24. g3 Bc8 25. Kg2 b5 26. Bxc8 Rxc8 27.
Rxe8+ Rxe8 28. Re1 Rxe1 29. Qxe1 b4 30. Na4 bxa3 31. bxa3 Ne4 32. Qb4 Qb5 33.
Qxb5 axb5 34. Nb6 Nc3 35. Kf3 Nb1 36. Nxd5 Nxa3 37. Ke3 Nc4+ 38. Kd3 Nd6 39. f3
Kf8 40. Kc3 Nf5 41. g4 Nh4 42. f4 Nf3 43. h3 g6 44. Ne3 Ng1 45. Kb4 Nxh3 46. f5
Ke7 47. Kxb5 Kd6 48. Kc4 h5 49. fxg6 fxg6 50. gxh5 gxh5 51. d5 Nf4 52. Kd4
1/2-1/2

[Event "Washington Open"]
[Site "Chess.com"]
[Date "2020.05.24"]
[Round "?"]
[White "Szeto, Sophie"]
[Black "Moore, Michael"]
[Result "1/2-1/2"]
[WhiteElo "1496"]
[BlackElo "1950"]
[PlyCount "100"]
[EventDate "2020.??.??"]

1. e4 c5 2. Nf3 d6 3. d4 cxd4 4. Nxd4 Nf6 5. Nc3 a6 6. Bc4 e6 7. Be3 Be7 8. O-O
O-O 9. f4 b5 10. Bd3 Qc7 11. a3 Nbd7 12. g4 Nc5 13. g5 Nfd7 14. Qh5 Nxd3 15.
cxd3 Nc5 16. Rad1 g6 17. Qh6 Re8 18. f5 Bf8 19. Qh4 Bb7 20. fxg6 fxg6 21. Qg4
e5 22. Nc2 Bg7 23. Nb4 Rf8 24. Nbd5 Rxf1+ 25. Rxf1 Qd7 26. Qxd7 Nxd7 27. Ne7+
Kh8 28. Rf3 Nf8 29. Ncd5 Bxd5 30. Nxd5 Rc8 31. Rf7 Rc2 32. Ra7 Rxb2 33. Rxa6
Rb3 34. Nb4 Kg8 35. Kf2 Ne6 36. Rxd6 Nf4 37. Bxf4 exf4 38. Rd5 Rxa3 39. Kf3 Rb3
40. Nc6 Rb2 41. h3 Rh2 42. Kxf4 Rxh3 43. Rxb5 Rxd3 44. e5 Bf8 45. e6 Bd6+ 46.
Ke4 Rd1 47. Ra5 Re1+ 48. Kd5 Rd1+ 49. Ke4 Re1+ 50. Kd5 Rd1+ 1/2-1/2

[Event "Washington Open"]
[Site "Chess.com"]
[Date "2020.05.25"]
[Round "?"]
[White "McNall, Kent"]
[Black "Szeto, Sophie"]
[Result "1/2-1/2"]
[WhiteElo "1867"]
[BlackElo "1496"]
[PlyCount "85"]
[EventDate "2020.??.??"]

1. d4 d5 2. Bf4 Nf6 3. e3 Bf5 4. c4 e6 5. Nc3 c6 6. Qb3 Qc8 7. h3 Be7 8. Nf3
Nbd7 9. Rc1 O-O 10. cxd5 exd5 11. Be2 Ne4 12. Nxd5 Bd8 13. Nc3 Nxc3 14. bxc3
Nf6 15. O-O Nd5 16. Bg3 Bc7 17. Bxc7 Qxc7 18. c4 Nf6 19. Rfd1 Rad8 20. Bd3 Bxd3
21. Qxd3 Rfe8 22. Qf5 Qe7 23. Ne5 Nd7 24. Nxd7 Qxd7 25. Qxd7 Rxd7 26. c5 f6 27.
Rd3 Kf7 28. f3 f5 29. Kf2 g5 30. g4 f4 31. e4 Red8 32. Rcd1 Ke6 33. a4 a5 34.
Ke2 h6 35. R1d2 Kf6 36. Kd1 Rh7 37. Kc2 h5 38. Kc3 hxg4 39. hxg4 Ke6 40. d5+
Ke5 41. dxc6 Rxd3+ 42. Rxd3 bxc6 43. Kc4 1/2-1/2

[Event "Washington Open"]
[Site "Chess.com"]
[Date "2020.05.25"]
[Round "?"]
[White "Szeto, Sophie"]
[Black "Murray, David E"]
[Result "0-1"]
[WhiteElo "1496"]
[BlackElo "1924"]
[PlyCount "168"]
[EventDate "2020.??.??"]

1. e4 c6 2. d4 d5 3. exd5 cxd5 4. Nf3 Nf6 5. Bf4 Nc6 6. Be2 Bg4 7. Nbd2 e6 8.
h3 Bf5 9. O-O Bd6 10. Bxd6 Qxd6 11. c3 h6 12. Qb3 O-O 13. Rfe1 a6 14. Qd1 b5
15. a3 Rfc8 16. Nb3 Nd7 17. Bd3 Ne7 18. Rc1 Rcb8 19. Nh4 Bxd3 20. Qxd3 a5 21.
Nd2 Rb7 22. Nhf3 Qb8 23. b4 axb4 24. axb4 Nb6 25. Nb3 Ra3 26. Nc5 Rba7 27. Ne5
Qe8 28. Qd2 Nf5 29. Qb2 Ra2 30. Qb1 Nd6 31. Qd3 Nbc4 32. Rc2 R2a3 33. Rcc1 Nxe5
34. Rxe5 Nc4 35. Ree1 Qb8 36. Qe2 Qf4 37. Nd3 Qf5 38. Ne5 Nxe5 39. Qxe5 Qxe5
40. Rxe5 Rc7 41. Re3 Rb3 42. Ra1 Rcxc3 43. Rxc3 Rxc3 44. Ra5 Rc1+ 45. Kh2 Kf8
46. Kg3 Rc4 47. Rxb5 Rxd4 48. Rb8+ Ke7 49. Rb7+ Kf6 50. Kf3 e5 51. Ke3 h5 52.
f3 g5 53. g4 h4 54. Rb6+ Ke7 55. Rb7+ Ke6 56. Rb6+ Kd7 57. Rb7+ Kc6 58. Rxf7
Rxb4 59. Rg7 Rb3+ 60. Ke2 d4 61. Rxg5 Kd5 62. Rg8 Rb2+ 63. Kd3 Rf2 64. Rf8 Rh2
65. Rd8+ Ke6 66. Re8+ Kd6 67. Rd8+ Ke7 68. Rd5 Ke6 69. Ra5 Rxh3 70. Ke4 Rh1 71.
Rxe5+ Kf6 72. Rf5+ Kg6 73. Rh5 h3 74. Kd3 h2 75. Ke2 Ra1 76. Kd3 h1=Q 77. Rxh1
Rxh1 78. Kxd4 Kg5 79. Ke4 Re1+ 80. Kd3 Kf4 81. Kd2 Rf1 82. Ke2 Rxf3 83. g5 Rg3
84. g6 Rxg6 0-1

[Event "Washington Open"]
[Site "Chess.com"]
[Date "2020.05.23"]
[Round "?"]
[White "Min, Ryan"]
[Black "Ramkumar, Aditya"]
[Result "1-0"]
[WhiteElo "1915"]
[BlackElo "1452"]
[PlyCount "69"]
[EventDate "2020.??.??"]

1. d4 Nf6 2. c4 e6 3. Nc3 Bb4 4. e3 O-O 5. Bd3 Bxc3+ 6. bxc3 d6 7. e4 Nc6 8.
Bg5 h6 9. Bh4 e5 10. d5 Na5 11. Bxf6 Qxf6 12. Ne2 b6 13. Ng3 Ba6 14. Qe2 Nb7
15. Nf5 Nc5 16. O-O Rfe8 17. f3 Bc8 18. Ne3 Bd7 19. Bc2 a5 20. Rf2 Qe7 21. Raf1
a4 22. f4 f6 23. f5 a3 24. Rf3 Ba4 25. Rg3 Bxc2 26. Nxc2 Ra4 27. Nb4 Qd7 28.
Rg6 Rb8 29. Rf3 Qf7 30. Rfg3 Nd7 31. Qg4 Kh8 32. Rxg7 Qe8 33. Rh3 h5 34. Rg6
Qxg6 35. Qxg6 1-0

[Event "Washington Open"]
[Site "Chess.com"]
[Date "2020.05.23"]
[Round "?"]
[White "Ramkumar, Aditya"]
[Black "Zhu, Ryan"]
[Result "0-1"]
[WhiteElo "1452"]
[BlackElo "1739"]
[PlyCount "76"]
[EventDate "2020.??.??"]

1. e4 c5 2. Nf3 d6 3. d4 cxd4 4. Nxd4 Nf6 5. Nc3 a6 6. Be3 e5 7. Nb3 Be6 8. f3
h5 9. Qd2 g6 10. Be2 Nbd7 11. O-O Bg7 12. Qxd6 Rc8 13. Rad1 Rc6 14. Qd2 O-O 15.
Kh1 Qc7 16. Bd3 b5 17. Ne2 Rc8 18. Na5 Rd6 19. Rc1 h4 20. c4 bxc4 21. Nxc4 Bxc4
22. Rxc4 Qxc4 23. Rc1 Qxd3 24. Rxc8+ Kh7 25. Qxd3 Rxd3 26. Bg5 Rd1+ 27. Ng1 Bh6
28. Bxh6 Kxh6 29. Rc6 Nh5 30. h3 Nf4 31. Kh2 Rd2 32. Rxa6 Rxg2+ 33. Kh1 Rxb2
34. a4 Nc5 35. Ra5 Ncd3 36. Rb5 Nf2+ 37. Kh2 Ng4+ 38. Kh1 Rh2# 0-1

[Event "Washington Open"]
[Site "Chess.com"]
[Date "2020.05.24"]
[Round "?"]
[White "Zhao, Maxwell"]
[Black "Ramkumar, Aditya"]
[Result "1/2-1/2"]
[WhiteElo "1628"]
[BlackElo "1452"]
[PlyCount "103"]
[EventDate "2020.??.??"]

1. e4 c5 2. Nf3 d6 3. d4 cxd4 4. Nxd4 Nf6 5. Nc3 a6 6. f3 e5 7. Nb3 Be6 8. Be3
Nbd7 9. Qd2 Be7 10. O-O-O O-O 11. g4 b5 12. g5 b4 13. Ne2 Ne8 14. f4 a5 15. f5
a4 16. Nbd4 exd4 17. Nxd4 b3 18. Kb1 bxc2+ 19. Nxc2 Bb3 20. axb3 axb3 21. Na3
Ne5 22. Rg1 Nf3 23. Qg2 Nxg1 24. Qxg1 Kh8 25. e5 Qc8 26. Bd3 dxe5 27. g6 Bxa3
28. bxa3 Rxa3 29. Bc5 Qa8 30. Bxf8 Ra1+ 31. Kb2 Qa2+ 32. Kc3 Qa5+ 33. Bb4 Qc7+
34. Kxb3 Ra8 35. Qc5 Qxc5 36. Bxc5 fxg6 37. fxg6 hxg6 38. Bxg6 Nf6 39. Re1 e4
40. Bxe4 Re8 41. Bd4 Rxe4 42. Rxe4 Nxe4 43. Be5 Kh7 44. Kc4 Nf2 45. Bg3 Ng4 46.
Kd4 Nxh2 47. Bxh2 Kg6 48. Ke4 Kh5 49. Kf3 g5 50. Bg3 g4+ 51. Kf4 Kg6 52. Kxg4
1/2-1/2

[Event "Washington Open"]
[Site "Chess.com"]
[Date "2020.05.24"]
[Round "?"]
[White "Ramkumar, Aditya"]
[Black "Bailey, Daniel"]
[Result "1/2-1/2"]
[WhiteElo "1452"]
[BlackElo "1729"]
[PlyCount "96"]
[EventDate "2020.??.??"]

1. e4 e5 2. Nf3 Nc6 3. Bc4 Nf6 4. d3 h6 5. c3 d6 6. Bb3 Be7 7. h3 Na5 8. Bc2 c5
9. Nbd2 Nc6 10. O-O O-O 11. Re1 Qc7 12. Nf1 d5 13. exd5 Nxd5 14. Ba4 Bf6 15.
Bxc6 bxc6 16. Ng3 Nf4 17. Bxf4 exf4 18. Ne4 Be7 19. Qc2 f5 20. Ned2 Bf6 21. Nc4
Ba6 22. Nce5 Rae8 23. d4 Bxe5 24. Nxe5 cxd4 25. cxd4 Rd8 26. Qxc6 Qxc6 27. Nxc6
Rd6 28. Nb4 Bc4 29. b3 Bf7 30. Rad1 Rfd8 31. Nc2 a5 32. Re5 a4 33. bxa4 Bxa2
34. a5 Bb3 35. Rd2 Rd5 36. Rde2 Bxc2 37. Rxc2 Rxd4 38. Rxf5 Ra4 39. Rfc5 Ra8
40. Rc8+ Rxc8 41. Rxc8+ Kf7 42. Ra8 g5 43. a6 Ra2 44. a7 Kg7 45. Kf1 h5 46. Kg1
Kh7 47. Kh2 Kg7 48. h4 g4 1/2-1/2

[Event "Washington Open"]
[Site "Chess.com"]
[Date "2020.05.25"]
[Round "?"]
[White "Ramkumar, Aditya"]
[Black "Heath, Derek"]
[Result "1/2-1/2"]
[WhiteElo "1452"]
[BlackElo "1677"]
[PlyCount "81"]
[EventDate "2020.??.??"]

1. Nf3 d5 2. d4 Nf6 3. Bf4 c5 4. e3 Nc6 5. c3 Qb6 6. Qc2 Bf5 7. Qc1 e6 8. Nbd2
Be7 9. Be2 Ne4 10. O-O O-O 11. Nxe4 dxe4 12. Ne5 Nxe5 13. Bxe5 Bd6 14. Bxd6
Qxd6 15. Rd1 Rad8 16. Qc2 h6 17. h3 Bg6 18. Qb3 b6 19. a4 e5 20. d5 f5 21. a5
f4 22. axb6 f3 23. Bf1 fxg2 24. Bxg2 axb6 25. Ra6 Rb8 26. Qc4 Bh5 27. Rd2 Bf3
28. Bxf3 exf3 29. Qe4 Rf6 30. Kh2 Rbf8 31. Ra1 Rg6 32. Rg1 Rxg1 33. Kxg1 h5 34.
Rd1 Qf6 35. Kh2 Rf7 36. Rg1 g5 37. Qh4 Rg7 38. Qxh5 Qf5 39. Rg3 e4 40. d6 Qd5
41. Qh6 1/2-1/2

[Event "Washington Open"]
[Site "Chess.com"]
[Date "2020.05.23"]
[Round "?"]
[White "Chen, Angela"]
[Black "Lavoice, Richard"]
[Result "1/2-1/2"]
[WhiteElo "1421"]
[BlackElo "1911"]
[PlyCount "102"]
[EventDate "2020.??.??"]

1. e4 e6 2. d4 d5 3. exd5 exd5 4. Nc3 Bb4 5. Bd2 Nf6 6. a3 Bxc3 7. Bxc3 O-O 8.
h3 Re8+ 9. Be2 Bf5 10. Nf3 Ne4 11. O-O Nd7 12. Re1 Nxc3 13. bxc3 c5 14. Qd2 c4
15. Rab1 b6 16. Rb5 Nf6 17. Ne5 Ne4 18. Qf4 Nxc3 19. Rb2 Bg6 20. Qf3 Nxe2+ 21.
Rxe2 Qg5 22. c3 Rad8 23. Nc6 Be4 24. Nxd8 Rxd8 25. Qg4 Qc1+ 26. Kh2 Bd3 27. Qd7
Rf8 28. Red2 Qxc3 29. Qxa7 Qxd4 30. Qxb6 Qe5+ 31. g3 c3 32. Rxd3 cxb2 33. Rb3
f5 34. Rxb2 f4 35. Qb5 fxg3+ 36. fxg3 Rf3 37. Qb8+ Qxb8 38. Rxb8+ Kf7 39. Rb7+
Kf6 40. Ra7 Rf2+ 41. Kg1 Ra2 42. a4 d4 43. a5 d3 44. Rd7 d2 45. Kf1 Rxa5 46.
Rxd2 Ra3 47. Kg2 h5 48. h4 Kf5 49. Rd5+ Kg6 50. Rg5+ Kh6 51. Kh3 Rb3 1/2-1/2

[Event "Washington Open"]
[Site "Chess.com"]
[Date "2020.05.23"]
[Round "?"]
[White "Roberts, Teddy"]
[Black "Chen, Angela"]
[Result "1-0"]
[WhiteElo "1934"]
[BlackElo "1421"]
[PlyCount "61"]
[EventDate "2020.??.??"]

1. e4 e5 2. Nf3 Nc6 3. Bb5 a6 4. Ba4 Nf6 5. Bxc6 dxc6 6. d3 Bd6 7. Nbd2 Bg4 8.
h3 Bh5 9. Nc4 b5 10. Ne3 O-O 11. Nf5 h6 12. g4 Bg6 13. Qe2 Re8 14. Bd2 Nd7 15.
O-O-O Nb6 16. h4 c5 17. h5 Bxf5 18. gxf5 c4 19. Rhg1 Qf6 20. Nh2 Kh7 21. Ng4
Qd8 22. f6 Rg8 23. fxg7 Rxg7 24. Nxh6 Qf6 25. Nf5 Rxg1 26. Rxg1 Rg8 27. Rxg8
Kxg8 28. Qg4+ Kh7 29. Bg5 Qe6 30. Be7 Bxe7 31. Qg7# 1-0

[Event "Washington Open"]
[Site "Chess.com"]
[Date "2020.05.24"]
[Round "?"]
[White "Chen, Angela"]
[Black "Lopez, Francisco"]
[Result "0-1"]
[WhiteElo "1421"]
[BlackElo "1778"]
[PlyCount "110"]
[EventDate "2020.??.??"]

1. e4 e5 2. Nf3 Nc6 3. Bc4 Bc5 4. d3 h6 5. O-O Nf6 6. Be3 Bb6 7. c3 O-O 8. h3
d5 9. Bxb6 dxc4 10. Bc5 Re8 11. dxc4 Qxd1 12. Rxd1 Nxe4 13. Be3 Be6 14. Nbd2
Nd6 15. b3 Nf5 16. Bc5 b6 17. Ba3 Rad8 18. c5 Rd3 19. cxb6 axb6 20. Ne4 Red8
21. Rxd3 Rxd3 22. Bb2 f6 23. Kf1 Bd5 24. Nfd2 Nh4 25. Ke2 Bxe4 26. Nxe4 Rd8 27.
g3 Nf5 28. a4 Na5 29. b4 Nc4 30. Bc1 Ne7 31. Nd2 Nd6 32. a5 Nb5 33. Bb2 bxa5
34. Rxa5 Nd6 35. c4 c6 36. Ra7 Kf7 37. Ke3 Ke6 38. g4 g5 39. Kf3 Ndc8 40. Rxe7+
Kxe7 41. Ne4 Rd3+ 42. Kg2 Nd6 43. Nxd6 Kxd6 44. c5+ Kd5 45. Bc1 Kc4 46. Be3
Kxb4 47. Kg3 Kc4 48. h4 Kd5 49. hxg5 hxg5 50. Kf3 Rb3 51. Ke2 Kc4 52. Kf1 Kd3
53. Kg2 Ke2 54. Kg3 Rxe3+ 55. fxe3 Kxe3 0-1